Islam aor jadeediat / (Record no. 525643)
[ view plain ]
| 000 -LEADER | |
|---|---|
| fixed length control field | 00503nam a22001817a 4500 |
| 003 - CONTROL NUMBER IDENTIFIER | |
| control field | NUST |
| 005 - DATE AND TIME OF LATEST TRANSACTION | |
| control field | 20190703104749.0 |
| 020 ## - INTERNATIONAL STANDARD BOOK NUMBER | |
| Terms of availability | (Hbk) |
| 038 ## - RECORD CONTENT LICENSOR | |
| Staff Name | M. Shaban |
| 082 ## - DEWEY DECIMAL CLASSIFICATION NUMBER | |
| Classification number | 297.07 |
| Author Mark | FAZ |
| 100 ## - MAIN ENTRY--PERSONAL NAME | |
| Personal name | Dr. Fazal ur Rehman |
| 9 (RLIN) | 16574 |
| 245 ## - TITLE STATEMENT | |
| Title | Islam aor jadeediat / |
| Statement of responsibility, etc. | Dr. Fazal ur Rehman |
| 260 ## - PUBLICATION, DISTRIBUTION, ETC. | |
| Place of publication, distribution, etc. | Lahore : |
| Name of publisher, distributor, etc. | Maktaba Jadeed press, |
| Date of publication, distribution, etc. | 1998. |
| 300 ## - PHYSICAL DESCRIPTION | |
| Extent | 254 p. ; |
| 880 ## - ALTERNATE GRAPHIC REPRESENTATION | |
| Linkage | 100-01\r |
| Title | ڈاکٹر فضل الرحمٰن |
| 880 ## - ALTERNATE GRAPHIC REPRESENTATION | |
| Linkage | 245-02\r |
| Title | اسلام اور جدیدیت / |
| 942 ## - ADDED ENTRY ELEMENTS (KOHA) | |
| Source of classification or shelving scheme | |
| Koha item type | Book |
| Withdrawn status | Lost status | Source of classification or shelving scheme | Damaged status | Not for loan | Permanent Location | Current Location | Shelving location | Date acquired | Total Checkouts | Total Renewals | Full call number | Barcode | Date last seen | Date last checked out | Price effective from | Koha item type |
|---|---|---|---|---|---|---|---|---|---|---|---|---|---|---|---|---|
| Central Library (CL) | Central Library (CL) | First Floor - Islam | 07/03/2019 | 1 | 3 | 297.07 FAZ | CL-E-69 | 03/12/2021 | 11/20/2020 | 07/03/2019 | Book |
